| 000 | 01015nam a2200265 a 4500 | ||
|---|---|---|---|
| 999 |
_c490385 _d490385 |
||
| 003 | BLK | ||
| 005 | 20241227160308.0 | ||
| 008 | 230329b bu |||||||||| 00| | bu d | ||
| 020 | _a9786192440657 | ||
| 040 | _aBLK | ||
| 041 |
_aBUL _cBUL |
||
| 080 |
_aНемска литература _b821.112.2 _x-93-34 _z821.112.2-93-34 |
||
| 100 |
_91299 _aЕнглер, Михаел _eпърви автор |
||
| 139 |
_aЕнглер, Михаел _bЕ 62 |
||
| 245 |
_aКоледа с леля Жозефин _cМихаел Енглер ; ил. Мартина Матос ; прев. Боряна Даракчиева |
||
| 260 |
_9443725 _aСофия _bБук травъл _c2022 |
||
| 300 |
_a26 с. _bс ил. _c27 см |
||
| 380 | _aDX | ||
| 700 |
_9349496 _aМатос, Мартина _eил. |
||
| 700 |
_9966 _aДаракчиева, Боряна Неделчева _eпрев. |
||
| 856 |
_i0.00 _ldisable |
||
| 942 |
_cKNG _n0 _s1 _04 |
||
| 944 |
_aCR _c2023-03-29 _k30546 _lРенета Константинова |
||
| 999 | _d490385 | ||